000 02141nam2a22003371 4500
001 RU\NLR\19V\602248
005 20250614041525.0
035 _a(NLR Aleph) 010349006
090 _a10737980
_c10737980
100 _a20070823d1902 |||y0rusy50 ca
101 0 _arus
102 _aRU
105 _ay z| |||g|
200 0 _aТ. 22
210 _d1902
_aБ. м.
215 _a138 с.
_d19
327 1 _aСодерж.: Стихотворения; Крымские стихотворения; Эпизод из поэмы Адвокатство женщины Евгении Сарафановой; Гвая-Ллир, или Мехиканские ночи; Пир у поэта Катулла
461 0 _1001v19\rc\1741534
_12001#$aСочинения Г.П. Данилевского$eв 24 т., с портр. автора [факс. и биогр. очерком]$vТ. 22
_95776555
_aДанилевский, Г. П. (1829-1890)
_cСанкт-Петербург
_d1902
_e9-е изд.
_nА.Ф. Маркс
_oв 24 т., с портр. автора [факс. и биогр. очерком]
_p22 т.
_tСочинения Г.П. Данилевского
_vТ. 22
464 0 _12001#$aСтихотворения$aКрымские стихотворения
_tКрымские стихотворения
464 0 _12001#$aЭпизод из поэмы Адвокатство женщины Евгении Сарафановой
_15170#$aАдвокатство женщины Евгении Сарафановой
_tЭпизод из поэмы Адвокатство женщины Евгении Сарафановой
464 0 _12001#$aГвая-Ллир, или Мехиканские ночи
_15170#$aМехиканские ночи
_tГвая-Ллир, или Мехиканские ночи
464 0 _12001#$aПир у поэта Катулла
_tПир у поэта Катулла
801 0 _aRU
_bNLR
_c20070823
_gpsbo
801 1 _aRU
_bNLR
_c20070823
_2rusmarc
852 _aNLR
_j34.9.4.20 (11-12)
899 _aRuMoRGB
_jF 103/88
899 _aRuMoRGB
_jРб 10/377
899 _aГПИБ (22)
942 _cBOOK
980 _aNB